000 00779nam a2200253Ia 4500
003 OSt
005 20220925222800.0
006 a|||||r|||| 00| 0
007 ta
008 220923b |||||||| |||| 00| 0 eng d
020 _a0745601413
037 _cGeneral Book
040 _aRTL
_cRTL
_beng
041 _2eng
_aeng
082 _aY49(X:99N).30m73.N8, N0
100 _aPenn Roger
_9138049
245 0 _aClass, power and technology
_b Skilled workers in Britain and America
260 _aLondon
_bPolity Press
_c1990
300 _ax,196p
_ccm.
500 _aBibliography: p182-194
650 _aIntellectual Labour Occupational Sociology
_9237958
942 _hY49(X:99N).30m73.N8, N0
_cGB
_2CC
999 _c577788
_d577788